00353 a2200133 4500001000700000020001500007041000800022250001000030300001600040040002500056100002500081245007600106260003700182116077 a0962936022 apor a. ed. axiv, 338 p. aBR-BrIDEAcBR-BrIDEA aWong, Harry K.d193210aThe first days of schoolbhow to be an effective teacherc Harry K Wong bHarry K. Wong Publicationsc2005